| 000 | 00412nam a2200169Ia 4500 | ||
|---|---|---|---|
| 008 | 230917s9999||||xx |||||||||||||| ||und|| | ||
| 020 | _cRS795 | ||
| 040 |
_e34258 _aMAIN |
||
| 041 | _aEnglish | ||
| 082 | _a658.4 H55C | ||
| 100 | _aHill, Charles W L | ||
| 245 | 0 | _aCases in strategic management | |
| 250 | _a4th ed. | ||
| 260 |
_aChennai _bAll India Publisher _c2000 |
||
| 300 | _axv, 516 p. | ||
| 942 | _cBK | ||
| 999 |
_c106643 _d106643 |
||